00551nam a2200169Ia 4500003000900000008004100009020001800050040001600068080001600084110003900100245009800139260004500237300001000282650003500292650001900327650003500346IN-BaIIA211028s9999 xx 000 0 eng d a0-19-920068-8 cIIA Library a081.53bPAN aRaman Research Institute Bangalore 0aCollected works of pancharatnamcRaman Research Institute Bangalore  aBangalorebOxford University Pressc1975 a326p. aCollected Works-S Pancharatnam aNASA Thesaurus aS Pancharatnam Collected Works